Cold Steel:Lakshmi mittal and the multi-billon- dollar battle for a global empire (Record no. 1302468)

MARC details
000 -LEADER
fixed length control field 00637nam a2200205Ia 4500
005 - DATE AND TIME OF LATEST TRANSACTION
control field 20250326144127.0
008 - FIXED-LENGTH DATA ELEMENTS--GENERAL INFORMATION
fixed length control field 250326s9999 xx 000 0 und d
020 ## - INTERNATIONAL STANDARD BOOK NUMBER
International Standard Book Number 978-0-316-02799-1
037 ## - SOURCE OF ACQUISITION
Stock number Textbook
040 ## - CATALOGING SOURCE
Original cataloging agency FMSL
Language of cataloging eng
Transcribing agency FMSL
041 ## - LANGUAGE CODE
Language code of text/sound track or separate title eng
Source of code eng
084 ## - COLON CLASSIFICATION NUMBER
Classification number O1113 PO8
Assigning agency FMSL
100 ## - MAIN ENTRY--PERSONAL NAME
Personal name Bouquet Tim
9 (RLIN) 426734
245 #0 - TITLE STATEMENT
Title Cold Steel:Lakshmi mittal and the multi-billon- dollar battle for a global empire
Statement of responsibility, etc. Bouquet Tim; Ousey Byron
260 ## - PUBLICATION, DISTRIBUTION, ETC.
Place of publication, distribution, etc. United Kingdom
Name of publisher, distributor, etc. United Kingdom, Little Brown
Date of publication, distribution, etc. 2008
300 ## - PHYSICAL DESCRIPTION
Extent xi,,340
365 ## - TRADE PRICE
Price amount 650
942 ## - ADDED ENTRY ELEMENTS (KOHA)
Koha item type Textbook
Classification part O1113 PO8
Holdings
Withdrawn status Lost status Damaged status Not for loan Home library Current library Date acquired Source of acquisition Cost, normal purchase price Total Checkouts Full call number Barcode Date last seen Price effective from Koha item type
        Faculty of Management Library Faculty of Management Library 2025-03-26 University Book House 650.00   O1113 PO8 ML1351995 2025-03-26 2025-03-26 Textbook
Copyright @ Delhi University Library System